Statistics for Top 10 Most-Forested U.S. States

Click here to take the quiz!

General Stats

  • This quiz has been taken 24,223 times
    (9,040 since last reset)
  • The average score is 6 of 10

Answer Stats

% State % Correct
89.5Maine
90%
77.8Vermont
85%
84.3New Hampshire
81%
62.9New York
71%
79.0West Virginia
60%
62.9Virginia
58%
67.3Georgia
48%
70.6Alabama
42%
68.2South Carolina
41%
65.1Mississippi
39%

Score Distribution

Percentile by Number Answered

Percent of People with Each Score

Your Score History

You have not taken this quiz since the last reset